[Event "Fagernes Norsk op-B"]
[Site "Fagernes"]
[Date "2014.04.13"]
[Round "5"]
[White "Kizatbay, Alseit"]
[Black "Torgersen, Terje"]
[Result "1/2-1/2"]
[WhiteElo "1408"]
[BlackElo "1970"]
[PlyCount "55"]
[EventDate "2014.04.13"]
[EventType "swiss"]
[EventRounds "9"]
[EventCountry "NOR"]
[SourceTitle "EXT 2016"]
[Source "ChessBase"]
[SourceDate "2015.10.08"]
[SourceVersion "1"]
[SourceVersionDate "2015.10.08"]
[SourceQuality "1"]

1. d4 Nf6 2. Nf3 g6 3. g3 Bg7 4. Bg2 0-0 5. 0-0 d6 6. c4 Nbd7 7. Nc3 c5 8. d5 Nb6 9. Qd3 Rb8 10. Re1 a6 11. e4 Nfd7 12. b3 Na8 13. Be3 b5 14. Rac1 Qa5 15. Qd2 bxc4 16. bxc4 Ne5 17. Nxe5 Bxe5 18. Bh6 Re8 19. f4 Bd4+ 20. Kh1 Nb6 21. Qd3 Qa3 22. Bf1 Na4 23. Nxa4 Qxa4 24. Rb1 Qxa2 25. Rxb8 Qf2 26. Bg2 Qxe1+ 27. Qf1 Qe3 28. Qb1 1/2-1/2